| 000 | 00397nam a22001457a 4500 | ||
|---|---|---|---|
| 003 | OSt | ||
| 005 | 20160727222343.0 | ||
| 008 | 160620b xxu||||| |||| 00| 0 eng d | ||
| 040 | _cTest | ||
| 100 |
_9149 _aCreative _cJonah and the Whale: Bible Story |
||
| 245 |
_aJonah and the Whale _bBible Story |
||
| 260 |
_aCanada _b Creative _c2003 |
||
| 300 | _aJonah and the Whale: Bible Story | ||
| 942 |
_2ddc _cBK |
||
| 999 |
_c121 _d121 |
||